Traduction Anglais - Français Niveau 1 - Statistiques

Statistiques générales
  • Ce quiz a été pris 155 fois
  • Le résultat moyen est 16 sur 40
Statistiques - réponses
Hint Réponse % Correct
next year l'année prochaine
100%
nothing rien
100%
a drink une boisson
100%
I want Je veux...
93%
the money l'argent.
89%
this year cette année
88%
the boat le bateau
88%
Why? Pourquoi?
88%
a room une chambre
88%
to travel voyager
88%
How much? / How many? Combien?
87%
included compris / inclu
86%
a woman une femme
86%
two days deux jours
85%
the police la police
85%
a bathroom une salle de bain
85%
the street la rue
83%
the other one l'autre
82%
this address cette adresse
80%
the coffee le café
80%
three times trois fois
80%
the window la fenêtre
79%
the town / the city la ville
79%
Where? Où?
79%
yesterday hier
78%
the beach la plage
78%
the exit la sortie
77%
not now Pas maintenant
77%
What is it? Qu'est-ce que c'est?
77%
a thing une chose
76%
to buy acheter
75%
How much? Combien?
75%
How many kilometers? Combien de kilomètres?
75%
easy facile
75%
I want a taxi. Je veux un taxi.
75%
now maintenant
75%
where is the bank ? Ou est la banque?
75%
When? Quand?
75%
fast rapide
75%
a credit card une carte de crédit
75%
a double bed un lit double
75%
the United States les Etats-Unis
74%
in two days dans deux jours
73%
one more time encore une fois
73%
the next train le prochain train
73%
What? Quoi?/ Comment?
73%
a state un état
73%
time heure / temps
71%
the last train le dernier train
71%
the dirty laundry le linge sale
71%
the problem le problème
71%
Who? Qui?
71%
a week une semaine
71%
credit crédit
70%
important important
70%
the week la semaine
70%
a bakery une boulangerie
70%
a waiter un garçon / un serveur
70%
the taxi le taxi
69%
Where are the toilets? Où sont les toilettes?
69%
an airport un aéroport
69%
a bag un sac
69%
beautiful beau / belle
67%
hot/ warm chaud
67%
tomorrow demain
67%
the other side l'autre côté
67%
the side le côté
67%
the smallest le plus petit
67%
No, not like that. Non, pas comme ça.
67%
to pay payer
67%
Why not? Pourquoi pas?
67%
something quelque chose
67%
too expensive trop cher
67%
to the left à gauche
64%
At what time? A quelle heure?
64%
That works. / It works. ça marche.
64%
the bank la banque
64%
the food la nourriture
64%
the soup la soupe
64%
the husband le mari
64%
Where Is? Où est?
64%
very très
64%
an address une adresse
64%
a child un enfant
64%
closed fermé
63%
I would like.... Je voudrais
63%
the water l'eau
63%
the passport le passeport
63%
far from here loin d'ici
63%
For how many people? Pour combien de personnes?
63%
a shower une douche
63%
here ici
62%
I want a room with a double bed. Je veux une chambre avec un lit double.
62%
the name le nom
62%
Thank you, sir. Merci, monsieur.
62%
a friend un ami/ une amie
62%
a hotel un hôtel
62%
a word un mot
62%
Where? Où?
60%
ready prêt / prête
60%
What number? Quel numéro?
60%
a moment un moment
60%
it is c'est
59%
next to... à côté de
58%
the cars les voitures
58%
a table une table
58%
a restaurant un restaurant
58%
American américain
57%
well bien
57%
the first train le premier train
57%
near proche
57%
another table une autre table
57%
a man un homme
57%
a bed un lit
57%
on time à l'heure
56%
It doesn't work. ça ne marche pas
56%
I understand. Je comprends
56%
The bill, please. L'addition, s'il vous plaît.
56%
the trains les trains
56%
my suitcases mes valises
56%
not yet pas encore
56%
a moment un moment
56%
other autre
55%
far loin
55%
more expensive plus cher
55%
only / alone seul / seule
55%
How? Comment?
54%
difficult difficile
54%
i don't want. Je ne veux pas
54%
I want something less expensive. Je veux quelque chose de moins cher.
54%
bad mauvais
54%
less moins
54%
something quelque chose
54%
an agency une agence
54%
a pharmacy / a drugstore une pharmacie
54%
Two coffees, please. Deux cafés, s'il vous plaît.
53%
the suitcase la valise
53%
more plus
53%
When? Quand?
53%
a gift un cadeau
53%
to the bank à la banque
50%
this / that ce / cet / cette
50%
How many? Combien?
50%
cold froid
50%
the butcher shop / the butcher la boucherie
50%
the hairdresser le coiffeur
50%
the store le magasin
50%
the same le même
50%
the largest le plus grand
50%
the wife l'épouse
50%
the weather le temps
50%
the flight le vol
50%
less expensive moins cher
50%
some quelque
50%
Who is it? Qui est-ce?
50%
a day un jour
50%
a month un mois
50%
to the right à droite
47%
slow lent / lente
47%
the train to San Francisco le train pour San Francisco
47%
open ouvert
47%
Do you have another table? Avez-vous une autre table?
46%
early tôt
46%
two times deux fois
45%
French français
45%
It's too expensive. C'est trop cher.
44%
I am looking for Je cherche
44%
slowly lentement.
44%
late tard
44%
a year une année
44%
a country un pays
44%
until tomorrow jusqu'à demain
43%
last year l'année dernière
43%
the suitcases les valises
43%
Which? Quel?
43%
an entrance une entrée
43%
a better room une meilleure chambre
43%
to make faire
42%
similar pareil
42%
How far? A quelle distance?
40%
Do you have Avez-vous ... ?
40%
different différent / différente
40%
the salad la salade
40%
American dollars les dollars américains
40%
better meilleur
40%
Where is the subway? Où est le métro?
40%
small petit
40%
first class première classe
40%
another un autre
40%
a dessert un dessert
40%
English anglais
38%
good bon
38%
like this but bigger comme ça mais plus grand
38%
the other side of the street l'autre côté de la rue
38%
Where is the train station? Où est la gare?
38%
per night par nuit
38%
not good pas bon
38%
slower plus lent
38%
What time? Quelle heure?
38%
a market un marché
38%
The television doesn't work. La télévision ne marche pas.
37%
to the airport, please à l'aéroport, s'il vous plaît
36%
that ça
36%
I don't understand. Je ne comprends pas
36%
the consulate le consulat
36%
nearest le plus proche
36%
to smoke fumer
35%
Do you understand? Est-ce que tu comprends?
33%
big grand
33%
less expensive moins cher
33%
smaller plus petit
33%
straight ahead tout droit
33%
a ticket un billet
33%
a bookshop une librairie
33%
a car une voiture
33%
up en haut.
31%
is it ? est ce ?
31%
and a shower et une douche
31%
large grand
31%
the town / the city la ville
31%
my suitcase ma valise
31%
a travel agency une agence de voyage
31%
slowest le plus lent
30%
l'm looking for something better than Je cherche quelque chose de mieux
29%
I would like to pay. Je voudrais payer.
29%
a backpack un sac à dos
29%
Do you have a less expensive room? Avez-vous une chambre moins chère?
27%
near the window près de la fenêtre
27%
turn left tournez à gauche
27%
to the train station, please à la gare, s'il vous plaît
25%
to the end of the street au bout de la rue
25%
today aujourd'hui
25%
ahead of schedule en avance
25%
down en bas
25%
i would like to make a reservation. Je voudrais faire une réservation.
25%
I would like something like this. Je voudrais quelque chose comme ça.
25%
over there là-bas
25%
The menu, please. La carte, s'il vous plaît.
25%
not well pas bien
25%
small petit
25%
first premier
25%
an airplane / a plane un avion
25%
Do you want ? Voulez-vous....?
25%
the corner le coin
23%
the laundry le linge
23%
the police station le poste de police
23%
air conditioned climatisé
22%
near près de
22%
as far as.... / until.... jusqu'à..
21%
larger plus grand
21%
near the corner près du coin
21%
a waitress une mademoiselle/ une serveuse
21%
a post office une poste
21%
this one here celui-ci_
20%
that one there celui-là
20%
like this / like that comme ça
20%
second class deuxième classe
20%
I would like a ticket Je voudrais un billet.
20%
i would like a table for two. Je voudrais une table pour deux
20%
there
20%
the gate (airport) la porte
20%
the plane from Chicago l'avion de Chicago
20%
the end of the street le bout de la rue
20%
badly mal
20%
my luggage mes bagages
20%
a wash basin un lavabo
20%
a map un plan / une carte
20%
this ticket ce billet
18%
the train station la gare de train
18%
What do you want? Qu'est-ce que vous voulez?
18%
a bathtub une baignoire
18%
at the corner / around the corner au coin
17%
How many miles? Combien de milles?
17%
opposite contraire
17%
Which train car? Quelle voiture? / Quelle voiture de train
17%
a coin une pièce de monnaie / une pièce
17%
a toilet un toilette
17%
How are you? Comment allez vous?
15%
the drinking water l'eau potable
15%
the railroad le chemin de fer
15%
without a bathtub sans baignoire
15%
I would like to change some money. Je voudrais changer de l'argent.
14%
the second train le deuxième train
14%
Which platform? Quel quai?
14%
a hostel une hôtellerie / une auberge
14%
[At] what time does the train leave? A quelle heure le train part-il?
13%
[At] what time does the train arrive? A quelle heure le train arrive-t-il?
11%
within two days en deux jours
11%
Is the tip included? Est-ce que le pourboire est compris?
11%
no vacancy complet
10%
behind schedule / delayed en retard
10%
I would like to buy some dollars. Je voudrais acheter des dollars.
10%
the cashier la caisse
10%
the stamp le timbre
10%
Which seat? Quelle place?
10%
A ticket to Un billet pour
10%
a connection une correspondance
10%
How much is it? Combien est-ce?
9%
the path / the road le chemin
9%
the luggage les bagages
9%
Which bus goes to Los Angeles? Quel autobus va à Los Angeles?
9%
a youth hostel une auberge de jeunesse
9%
this suitcase cette valise-ci
8%
the bus l' autobus
8%
seat number five place numéro cinq
7%
a one-way ticket un billet aller
7%
a ticket from London to Paris un billet de Londres à Paris
7%
You have.... Vous avez
7%
i would like that one there. Je voudrais celle-là
6%
few peu de
6%
turn right tournez à droite
6%
Is the service included? Est-ce que le service est compris?
5%
about/ practically à peu près
0%
with a bathtub avec baignoire
0%
Do you have the key? Avez-vous la clé?
0%
many beaucoup de
0%
inexpensive bon marché
0%
that suitcase cette valise-.la
0%
vacancy chambres libres
0%
to change money changer l'argent
0%
How much is it? Combien est-ce?
0%
How much is it? Combien est-ce?
0%
no smoking défense de fumer
0%
about / approximately environ
0%
i would Iike this one here. Je voudrais celle-ci
0%
I would like a room. Je voudrais une chambre.
0%
as far as the bank jusqu'à la banque
0%
as far as the corner jusqu'au coin
0%
the delicatessen la charcuterie
0%
the baggage check la consigne
0%
the locker la consigne automatique
0%
the customs la douane
0%
the bus station la gare routière
0%
the small change la monnaie
0%
American money l'argent américain
0%
British money l'argent britannique
0%
the bus stop l'arrêt d'autobus
0%
the exchange rate/ the rate of exchange le cours du change
0%
the department store le grand magasin
0%
the ticket window le guichet
0%
the platform le quai
0%
large bills/ large notes les gros billets
0%
British pounds les livres britanniques
0%
the supermarket le supermarché
0%
Where is the bus to Boston? Où est l'autobus pour Boston?
0%
nearer plus proche
0%
Excuse me pour appeler un garçon ou une serveuse
0%
When does the train leave? Quand est ce que part le train?
0%
When does the plane to Canada leave? Quand part l'avion pour le Canada?
0%
that. que ça.
0%
What is the exchange rate? Quel est le cours du change?
0%
Which track? Quelle voie?
0%
What's this? Qu'est-ce que c'est que ceci?
0%
What's that ? Qu'est-ce que c'est que cela?
0%
What did you say? Qu'est-ce que vous avez dit?
0%
a bus un autobus
0%
a banknote / a bill un billet
0%
a round-trip ticket un billet aller-retour
0%
a check un chèque
0%
a traveler's check un chèque de voyage
0%
a laundry une blanchisserie
0%
an appetizer une entrée/ un hors-d'oeuvre
0%
a timetable / a schedule un horaire
0%
a piece un morceau
0%
a map of the town / a map of the city un plan de la ville / une carte de la ville
0%
Do you want dessert? Vous voulez un dessert?
0%
Aucun quiz correspondant
Distribution des résultats
% des personnes avec chaque résultat
Percentile par nombre de réponses
Votre historique - résultats
Vous n’avez pas pris ce quiz